Statistics for Cartoon Characters #1

Click here to take the quiz!

General Stats

  • This quiz has been taken 18,658 times
  • The average score is 14 of 24

Answer Stats

Clue Character % Correct
Charlie Brown's dogSnoopy
92%
Tried to steal ChristmasThe Grinch
91%
Winnie-the-Pooh's tiger friendTigger
87%
Mufasa's heirSimba
80%
Blue fish with a poor memory
who helps to find Nemo
Dory
78%
Uses Acme products in an effort to
catch the Roadrunner
Wile E. Coyote
77%
Scooby-Doo's courageous nephewScrappy-Doo
76%
Fred Flintstone's wifeWilma Flintstone
73%
Pinocchio's conscienceJiminy Cricket
73%
Frosted Flakes spokes-tigerTony the Tiger
72%
Jamaican crab from The Little MermaidSebastian
66%
He travels the world catching PokemonAsh Ketchum
61%
The richest duck in DuckburgScrooge McDuck
61%
Main Rugrats characterTommy Pickles
52%
The Ninja Turtle's senseiSplinter
49%
The Lion from MadagascarAlex
46%
Wide-eyed flapper girlBetty Boop
44%
Evil genius monkey and enemy of
the Powerpuff Girls
Mojo Jojo
43%
Band leader of the Pussy CatsJosie
41%
He-Man's twin sisterShe-Ra
40%
Here he comes to save the dayMighty Mouse
33%
Inspector Gadget's genius niecePenny
27%
Hero whose alter ego is Drake MallardDarkwing Duck
25%
Hamburger ball from Aqua TeenMeatwad
16%

Score Distribution

Percentile by Number Answered

Percent of People with Each Score

Your Score History

You have not taken this quiz